Connecta't, llegeix, escolta, navega, estudia, inspira't, fes amics, participa : ja saps tot el que pots viure a la biblioteca? ja saps tot el que pots viure a la biblioteca?
Descripción Física:
1 punt de llibre : il·lustracions ; 20 x 6 cm
Idioma:
Catalán
MARC
| LEADER | 00000nrm a2200000 a 4500 | ||
|---|---|---|---|
| 001 | 26057 | ||
| 003 | Arxiu | ||
| 005 | 20260324181126.0 | ||
| 008 | 220628b spa||||| |||| 00| 0 cat d | ||
| 017 | |a DL B 5895-2017 | ||
| 040 | |a NBM-14-14 | ||
| 245 | |a Connecta't, llegeix, escolta, navega, estudia, inspira't, fes amics, participa : |b ja saps tot el que pots viure a la biblioteca? | ||
| 246 | 3 | 3 | |a Ja saps tot el que pots viure a la biblioteca? |
| 260 | |a Barcelona : |b Xarxa de Biblioteques Municipals, |c 2017 | ||
| 300 | |a 1 punt de llibre : |b il·lustracions ; |c 20 x 6 cm | ||
| 500 | |a A la portada: Tot un món de possibilitats a bibliotecavirtual.diba.cat | ||
| 610 | 1 | 0 | |a Barcelona (Catalunya : Província). |b Xarxa de Biblioteques Municipals |9 52650 |
| 655 | 0 | |a Punts de llibre |9 52700 | |
| 710 | 1 | |a Barcelona (Catalunya : Província). |b Xarxa de Biblioteques Municipals |9 52650 | |
| 942 | |2 udc |c ARXIU |n 1 | ||
| 952 | |0 0 |1 0 |4 0 |6 NBM1414 |7 1 |9 62538 |a Arxiu |b Arxiu |d 2022-06-28 |l 0 |o NBM-14-14 |p 26057 |r 2022-06-28 00:00:00 |w 2022-06-28 |y ARXIU | ||
| 999 | |c 82142 |d 82142 | ||